| 000 | 00622nam a2200181Ia 4500 | ||
|---|---|---|---|
| 008 | 100920s9999 xx 000 0 und d | ||
| 082 |
_b25691 _a410 थ 72 |
||
| 100 | _aसंपादक-खांडेकर वि.स. | ||
| 245 | _aनिवडक कोल्हटकर. | ||
| 260 |
_bमहाराष्ट्र शासन शिक्षण विभाग. _c1972 |
||
| 300 |
_a198 _bसाधी |
||
| 365 | _b5 | ||
| 520 | _aभाषा. | ||
| 630 | _aनिवडक कोल्हटकर. | ||
| 650 | _aभाषा. | ||
| 730 | _aनिवडक कोल्हटकर. | ||
| 942 | _cBOOK | ||
| 999 |
_c683402 _d683399 |
||